000 01285nam a2200229 i 4500
001 167570
003 ES-MaACL
005 20250907063128.0
008 940206m18031852sp |||| | spa d
040 _aAR
_bspa
100 1 _aVillanueva, Jaime,
_d1765-1824
_9133746
245 1 0 _aViage [sic] literario a las iglesias de España /
_c; le publica con algunas observaciones Joaquín Lorenzo Villanueva.
260 _aMadrid, [etc] :
_bImprenta Real, [etc],
_c1803-1852.
300 _a22 v. ;
_c20 cm.
505 8 _aApéndice de documentos, la mayoría en latín, al final de cada tomo
594 _aEn los 8 primeros tomos consta el nombre del hermano del autor, Joaquin Lorenzo Villanueva, por persecución política de Jaime Villanueva.
596 _aT.I a IV impresos en Madrid por la Imprenta Real, en 1803, 1804 y 1806. Los tomos VI a X impresos en Valencia, en la Imprenta de Oliveres, antes de Estevan, en 1821. Los tomos X a XXII impresos en Madrid por la Imprenta de la Real Academia de la Historia, 1850 (t.XI-XIV), 1851(t.XV-XXI) y 1852 el t.XXII.
597 _a22 t. en 11v.
650 0 4 _aIglesias-
_zEspaña.
_913573
852 _aES-MaACL
_jR-2623-39
_z-- Enc. hol. y Rúst.
_z-- Enc. 22 t. en 17 v.
_xOlim:F-7158-74
999 _c167570
_d167570